=LDR 00000nam 2200000 4500 =001 INLIS000000000008264 =005 20210218075417 =035 ##$$a 0010-061300000008264 =008 210218################g##########0#ind## =041 ##$$a Ind =082 ##$$a 338.1 =090 ##$$a 338.1, Gun m =100 1#$$a Gumbira, Said =245 1#$$a Manajemen agribisnis /$c E. Gumbira Said, A. Harizt Intan =260 ##$$a Jakarta :$b Ghalia Indonesia,$c 2001 =300 ##$$a 152 hlm : $b ilus ; $c 21 x 14 cm =650 #4$$a Ekonomi Pertanian =850 ##$$a NBPNMAT =020 ##$$a 979-450-393-2 =084 ##$$a 338.1 GUM m =250 ##$$a cet.1 =700 #$$a Harizt Intan =520 ##$$a Bibliografi hlm. 149-150 =520 ##$$a Biografi hlm. 151-152 =990 ##$$a 173.916/Pro.2002 =990 ##$$a 173.917/Pro.2002 =990 ##$$a 173.918/Pro.2002 =990 ##$$a 173.919/Pro.2002 =990 ##$$a 00089161 =990 ##$$a 173.917/Pro.2002 =990 ##$$a 173.916/Pro.2002 =990 ##$$a 173.918/Pro.2002 =990 ##$$a 173.919/Pro.2002 =990 ##$$a 00089161